CONCRETE IN COMBINED BENDING AND TORSION

Bibliographic Details
Main Author: Bagish, B. P. (Author)
Format: Article
Language:English

MARC

LEADER 00000nab a2200000uu 4500
001 vtls010895328
003 SK-MaSNL
005 20260304013305.0
008 230222|1971 xo |||||||||||||||||eng|
015 |a SNBRB 
035 |a (urnnbn)urn:nbn:sk:snk:ar-006iae 
035 |a (uuid)fd0e8f56-d621-4b88-862a-7a170238dac9 
035 |a urn:nbn:sk:snk-ab8o90 
040 |a SNKBUCL  |b slo  |c SNKBUCL  |e AACR2 
041 0 |a eng 
044 |a xo  |c SK 
100 1 |a Bagish, B. P.  |4 aut  |9 1294097 
245 1 0 |a CONCRETE IN COMBINED BENDING AND TORSION  |c B. P. Bagish 
773 0 |t Stavebnícky časopis : mesačník pre teoretické problémy stavebných látok a konštrukcií  |g Roč. 19, č. 2 (1971), s. 77-89 
958 |a OND 
958 |a EUIPO 
958 |a article10 
999 |c 2575185  |d 2577115